| 000 | 02291nam a22002777a 4500 | ||
|---|---|---|---|
| 999 |
_c60939 _d60939 |
||
| 003 | Ge_BSU | ||
| 005 | 20231124165906.0 | ||
| 008 | 231124s2021 ge ||||| |||| 00| 0 geo d | ||
| 020 | _a9789941286674 | ||
| 041 | _ageo | ||
| 080 | _a666.29(495)+738.4(479.22) მ-40 | ||
| 100 |
_aმაღრაძე, ერმინე _920475 |
||
| 245 |
_aქართულ-ბიზანტიური ტიხროვანი მინანქრის მინერალოგიურ თავისებურებათა კვლევა ინოვაციური მეთოდებით : _b [მონოგრაფია] / _c ერმინე მაღრაძე ; რედაქტორი ლია მამალაძე ; ყდის დიზაინერი და ფოტომასალის ავტორი მუხრან მახარაძე ; საქართველოს ტექნიკური უნივერსიტეტი. |
||
| 264 |
_aთბილისი : _bტექნიკური უნივერსიტეტი, _c2021. |
||
| 300 |
_a192 გვ. : _bსურ., ცხრ. ; _c 22 სმ |
||
| 500 | _aკვლევა-ძიება წარიმართა შოთა რუსთაველის ეროვნული სამეცნიერო ფონდის ფინანსური მხარდაჭერით. | ||
| 504 | _aბიბლიოგრაფია: გვ. 184-189. | ||
| 653 | _aბიზანტიური ტიხრული მინანქრის ტექნოლოგია | ||
| 653 | _aქართული ტიხრული მინანქრის ტექნოლოგია | ||
| 653 | _aქართული ტიხრული მინანქარი | ||
| 653 | _aბიზანტიური ტიხრული მინანქარი | ||
| 700 |
_aმამალაძე, ლია _eრედაქტორი. _920476 |
||
| 700 |
_aმახარაძე, მუხრან _eყდის დიზაინერი _920477 |
||
| 710 |
_aსაქართველოს ტექნიკური უნივერსიტეტი. _920478 |
||
| 942 |
_2udc _cBK |
||